| 000 | 01097nam a2200301 i 4500 | ||
|---|---|---|---|
| 001 | 192164 | ||
| 003 | ES-MaACL | ||
| 005 | 20240127063017.0 | ||
| 008 | 221107s2018 sp a | |||| 000 0 spa | ||
| 017 |
_aM 28594-2018 _bOficina Depósito Legal Madrid |
||
| 020 | _a9788494920714 | ||
| 040 | _cES-MaACL | ||
| 080 | _a082.2 | ||
| 080 | _a821.134.2-82"19" | ||
| 100 |
_aFernández, Francisco, _d1933- _eaut _9226209 |
||
| 245 | 1 | 0 |
_aReflexiones sobre el ser : _batraso de la humanidad : la verdad sin paliativos / _cFrancisco Fernández. |
| 250 | _aPrimera edición, agosto 2018 | ||
| 260 |
_aMadrid : _bLetra Clara, _c2018. |
||
| 300 |
_a175 páginas : _bilustraciones (blanco y negro) ; _c16 cm. |
||
| 500 | _aÍndice | ||
| 650 | 4 |
_aCitas. _9149979 |
|
| 655 | 0 |
_9234752 _aMisceláneas |
|
| 852 | 4 |
_aES-MaACL _jN-8118 _bR. 152390 _cDEPOJ _gDedicatoria autógrafa del autor _hDonación: Francisco Fernández _9199446 |
|
| 903 |
_aFernández, Francisco, _d1933- _ednr _9226209 |
||
| 942 |
_cMONOGRAFIA _n0 |
||
| 999 |
_c192164 _d192164 |
||